书目信息 |
| 题名: |
英汉科技常用短语词典
|
|
| 作者: | 吴慰曾 著 | |
| 分册: | ||
| 出版信息: | 成都 四川人民出版社 1980 |
|
| 页数: | 550,44页 | |
| 开本: | 19cm | |
| 丛书名: | ||
| 单 册: | ||
| 中图分类: | N61 , H313-61 | |
| 科图分类: | ||
| 主题词: | 英语-科学技术-短语--词典--英、中 , 短语-英语-科学技术--词典--英、中 , 科学技术-英语-短语--词典--英、中 , 英语 | |
| 电子资源: | ||
| ISBN: | ||
| 000 | 00781nam0 2200277 45 | |
| 001 | 0180005552 | |
| 005 | 20060805110310.17 | |
| 010 | @dCNY1.97 | |
| 091 | @aCN@b17118.14 | |
| 100 | @a19950607d1980 emky0chiy0121 ea | |
| 101 | 0 | @achi |
| 102 | @aCN@b510000 | |
| 105 | @ay z 000yy | |
| 200 | 10 | @a英汉科技常用短语词典@Aying han ke ji chang yong duan yu ci dian@f吴慰曾著 |
| 210 | @a成都@c四川人民出版社@d1980 | |
| 215 | @a550,44页@d19cm | |
| 606 | @a英语-科学技术-短语@x词典@y英、中 | |
| 606 | @a短语-英语-科学技术@x词典@y英、中 | |
| 606 | @a科学技术-英语-短语@x词典@y英、中 | |
| 606 | 0 | @a英语 |
| 690 | @aN61@v3 | |
| 690 | @aH313-61@v3 | |
| 701 | 0 | @a吴慰曾@Awu wei ceng@4著 |
| 801 | 2 | @aCN@bNLC@c20060805 |
| 801 | 0 | @aCN@bTSSF |
| 905 | @a10447@dH313-61@e441 | |
| 英汉科技常用短语词典/吴慰曾著.-成都:四川人民出版社,1980 |
| 550,44页;19cm |
| ISBN :CNY1.97 |
| ● |
| 相关链接 |
|
|
|
|
正题名:英汉科技常用短语词典
索取号:H313-61/441
 
预约/预借
| 序号 | 登录号 | 条形码 | 馆藏地/架位号 | 状态 | 备注 |
| 1 | 0444795 | 204447955 | 密集书库/ [索取号:H313-61/441] | 在馆 |